MANAGERIAL DECISIONS WITH THE MICROCOMPUTER (Record no. 1121)

MARC details
000 -LEADER
fixed length control field 00294nam a22001097a 4500
008 - FIXED-LENGTH DATA ELEMENTS--GENERAL INFORMATION
fixed length control field 150826b xxu||||| |||| 00| 0 eng d
020 ## - INTERNATIONAL STANDARD BOOK NUMBER
International Standard Book Number 0860036499
082 ## -
Classification number 658.403 BRI
100 ## - MAIN ENTRY--PERSONAL NAME
Personal name BRIDGE JOHN
245 ## - TITLE STATEMENT
Title MANAGERIAL DECISIONS WITH THE MICROCOMPUTER
260 ## - PUBLICATION, DISTRIBUTION, ETC. (IMPRINT)
Place of publication, distribution, etc. NEW YORK
Name of publisher, distributor, etc. PHILIP ALLAN
Date of publication, distribution, etc. 1989
Holdings
Withdrawn status Lost status Source of classification or shelving scheme Damaged status Koha normalized classification for sorting Not for loan Home library Current library Shelving location Date acquired Total Checkouts Full call number Barcode Date last seen Price effective from Koha item type
    Dewey Decimal Classification   658_403000000000000_BRI   Dodoma Dodoma Ground Floor 26/08/2015   658.403 BRI 000000005937 29/07/2019 26/08/2015 BOOKS

IRDP © 2021 :: Managed by ICT Team